[Event "Open A"]
[Site "Dortmund, Germany"]
[Date "2024.08.11"]
[Round "2.16"]
[White "Kiese, Matthias"]
[Black "Weishaeutel, Moritz"]
[Result "0-1"]
[WhiteElo "2106"]
[BlackElo "2400"]
[PlyCount "82"]
[EventDate "2024.??.??"]

1. d4 {[%emt 0:00:13]} Nf6 {[%emt 0:00:08]} 2. Nf3 {[%emt 0:00:11]} g6 {[%emt 0:00:15]} 3. c4 {[%emt 0:01:34]} Bg7 {[%emt 0:00:05]} 4. Nc3 {[%emt 0:00:38]} O-O {[%emt 0:00:13]} 5. e4 {[%emt 0:01:02]} d6 {[%emt 0:00:05]} 6. Be2 {[%emt 0:00:31]} e5 {[%emt 0:00:06]} 7. dxe5 {[%emt 0:01:23]} dxe5 {[%emt 0:00:04]} 8. Qxd8 {[%emt 0:00:16]} Rxd8 {[%emt 0:00:04]} 9. Bg5 {[%emt 0:00:11]} Re8 {[%emt 0:00:04]} 10. Nd5 {[%emt 0:00:32]} Nxd5 {[%emt 0:00:07]} 11. cxd5 {[%emt 0:00:10]} c6 {[%emt 0:00:04]} 12. Bc4 {[%emt 0:00:15]} cxd5 {[%emt 0:00:09]} 13. Bxd5 {[%emt 0:00:13]} Nd7 {[%emt 0:00:06]} 14. Nd2 {[%emt 0:01:40]} Nc5 {[%emt 0:00:05]} 15. O-O-O {[%emt 0:00:43]} Be6 {[%emt 0:00:05]} 16. Bxe6 {[%emt 0:04:04]} Nxe6 {[%emt 0:00:05]} 17. Be3 {[%emt 0:00:22]} f5 {[%emt 0:00:04]} 18. f3 {[%emt 0:02:28]} Rac8+ {[%emt 0:00:05]} 19. Kb1 {[%emt 0:00:09]} b6 {[%emt 0:00:02]} 20. Rc1 {[%emt 0:07:48]} h5 {[%emt 0:00:04]} 21. Rxc8 {[%emt 0:03:46]} Rxc8 {[%emt 0:00:04]} 22. Rc1 {[%emt 0:07:59]} Rd8 {[%emt 0:00:05]} 23. Nb3 {[%emt 0:08:15]} h4 {[%emt 0:03:38]} 24. Rc6 {[%emt 0:14:33]} Kf7 {[%emt 0:01:05]} 25. Kc2 {[%emt 0:05:02]} h3 {[%emt 0:07:18]} 26. g3 {[%emt 0:02:47]} Bf8 {[%emt 0:10:10]} 27. a3 {[%emt 0:04:31]} Bd6 {[%emt 0:08:41]} 28. Nd2 {[%emt 0:08:52]} f4 {[%emt 0:11:36]} 29. gxf4 {[%emt 0:00:34]} exf4 {[%emt 0:00:05]} 30. Bf2 {[%emt 0:00:32]} Be5 {[%emt 0:00:56]} 31. Nb3 {[%emt 0:08:06]} Rd7 {[%emt 0:04:13]} 32. Rc8 {[%emt 0:06:32]} Ng5 {[%emt 0:05:10]} 33. Nd2 {[%emt 0:01:05]} Rxd2+ {[%emt 0:09:38]} 34. Kxd2 {[%emt 0:00:11]} Nxf3+ {[%emt 0:00:03]} 35. Ke2 {[%emt 0:04:16]} Nxh2 {[%emt 0:00:04]} 36. Rc1 {[%emt 0:00:44]} g5 {[%emt 0:04:58]} 37. Rh1 {[%emt 0:01:49]} g4 {[%emt 0:01:01]} 38. b3 {[%emt 0:03:45]} g3 {[%emt 0:01:57]} 39. Bg1 {[%emt 0:01:07]} f3+ {[%emt 0:00:30]} 40. Ke3 {[%emt 0:00:35]} f2 {[%emt 0:01:29]} 41. Bxf2 {[%emt 0:02:41]} Ng4+ {[%emt 0:00:05]} 0-1

[Event "Open A"]
[Site "Dortmund, Germany"]
[Date "2024.08.11"]
[Round "2.17"]
[White "Stelmaszyk, Nico"]
[Black "Thiel, Thomas"]
[Result "0-1"]
[WhiteElo "2380"]
[BlackElo "2129"]
[PlyCount "116"]
[EventDate "2024.??.??"]

1. e4 {[%emt 0:00:03]} d5 {[%emt 0:00:14]} 2. exd5 {[%emt 0:00:06]} Nf6 {[%emt 0:00:21]} 3. d4 {[%emt 0:00:08]} Nxd5 {[%emt 0:00:21]} 4. c4 {[%emt 0:00:06]} Nb6 {[%emt 0:00:25]} 5. Nf3 {[%emt 0:00:06]} g6 {[%emt 0:00:21]} 6. a4 {[%emt 0:00:07]} a5 {[%emt 0:00:20]} 7. c5 {[%emt 0:00:06]} Nd5 {[%emt 0:00:23]} 8. Bc4 {[%emt 0:00:12]} Bg7 {[%emt 0:00:38]} 9. Qb3 {[%emt 0:00:07]} c6 {[%emt 0:00:26]} 10. Nc3 {[%emt 0:00:07]} O-O {[%emt 0:00:33]} 11. O-O {[%emt 0:00:15]} e6 {[%emt 0:10:43]} 12. Bg5 {[%emt 0:01:52]} Qc7 {[%emt 0:00:23]} 13. Rae1 {[%emt 0:01:07]} Na6 {[%emt 0:02:52]} 14. Bxd5 {[%emt 0:16:25]} exd5 {[%emt 0:04:51]} 15. Be7 {[%emt 0:01:19]} Re8 {[%emt 0:00:15]} 16. Bd6 {[%emt 0:00:07]} Qd8 {[%emt 0:00:27]} 17. Rxe8+ {[%emt 0:00:09]} Qxe8 {[%emt 0:00:34]} 18. Re1 {[%emt 0:00:16]} Qd8 {[%emt 0:00:21]} 19. Qb6 {[%emt 0:02:05]} Bg4 {[%emt 0:00:54]} 20. Qxb7 {[%emt 0:07:02]} Bxf3 {[%emt 0:00:24]} 21. gxf3 {[%emt 0:00:10]} Bxd4 {[%emt 0:09:52]} 22. Qxc6 {[%emt 0:01:48]} Nb4 {[%emt 0:00:17]} 23. Qb5 {[%emt 0:01:43]} Rc8 {[%emt 0:10:52]} 24. Kf1 {[%emt 0:05:04]} h5 {[%emt 0:05:06]} 25. Re7 {[%emt 0:06:45]} Bxc3 {[%emt 0:04:01]} 26. bxc3 {[%emt 0:01:08]} Nc6 {[%emt 0:00:17]} 27. Re1 {[%emt 0:15:57]} Qd7 {[%emt 0:04:24]} 28. Qd3 {[%emt 0:03:12]} Nd8 {[%emt 0:03:12]} 29. Qe3 {[%emt 0:06:37]} Qh3+ {[%emt 0:04:26]} 30. Kg1 {[%emt 0:00:52]} Ne6 {[%emt 0:00:20]} 31. Be5 {[%emt 0:10:59]} g5 {[%emt 0:12:07]} 32. Kh1 {[%emt 0:05:19]} Qf5 {[%emt 0:02:57]} 33. Bd6 {[%emt 0:03:52]} Re8 {[%emt 0:02:58]} 34. Rg1 {[%emt 0:02:20]} f6 {[%emt 0:00:22]} 35. f4 {[%emt 0:02:17]} Kf7 {[%emt 0:03:42]} 36. Qf3 {[%emt 0:03:31]} g4 {[%emt 0:02:40]} 37. Qg2 {[%emt 0:00:11]} Rc8 {[%emt 0:04:49]} 38. c4 {[%emt 0:02:55]} Nxc5 {[%emt 0:00:28]} 39. Rd1 {[%emt 0:01:59]} Ne4 {[%emt 0:01:06]} 40. c5 {[%emt 0:01:09]} Nxc5 {[%emt 0:01:19]} 41. Qxd5+ {[%emt 0:02:33]} Qxd5+ {[%emt 0:02:12]} 42. Rxd5 {[%emt 0:00:05]} Ne4 {[%emt 0:00:30]} 43. Ba3 {[%emt 0:01:56]} Rc3 {[%emt 0:00:24]} 44. Bb2 {[%emt 0:03:35]} Nxf2+ {[%emt 0:00:50]} 45. Kg2 {[%emt 0:00:28]} Rc2 {[%emt 0:00:20]} 46. Ba3 {[%emt 0:01:23]} Nh3+ {[%emt 0:02:47]} 47. Kf1 {[%emt 0:00:33]} Rxh2 {[%emt 0:02:22]} 48. f5 {[%emt 0:00:56]} g3 {[%emt 0:01:42]} 49. Rd7+ {[%emt 0:00:05]} Kg8 {[%emt 0:03:03]} 50. Rd8+ {[%emt 0:00:05]} Kh7 {[%emt 0:00:32]} 51. Rd7+ {[%emt 0:00:06]} Kh6 {[%emt 0:00:31]} 52. Bc1+ {[%emt 0:02:10]} Ng5 {[%emt 0:00:26]} 53. Be3 {[%emt 0:00:35]} h4 {[%emt 0:02:05]} 54. Rd6 {[%emt 0:03:23]} Kh5 {[%emt 0:01:05]} 55. Rxf6 {[%emt 0:00:41]} g2+ {[%emt 0:00:30]} 56. Kf2 {[%emt 0:00:10]} Ne4+ {[%emt 0:01:52]} 57. Kg1 {[%emt 0:00:07]} Nxf6 {[%emt 0:00:24]} 58. Bd4 {[%emt 0:01:03]} Ng4 {[%emt 0:00:24]} 0-1

[Event "Open A"]
[Site "Dortmund, Germany"]
[Date "2024.08.11"]
[Round "2.19"]
[White "Akhmatovski, Maxim"]
[Black "Meins, Gerlef"]
[Result "0-1"]
[WhiteElo "2078"]
[BlackElo "2384"]
[PlyCount "100"]
[EventDate "2024.??.??"]

1. c4 {[%emt 0:00:03]} Nf6 {[%emt 0:00:39]} 2. g3 {[%emt 0:00:11]} c5 {[%emt 0:02:14]} 3. Bg2 {[%emt 0:00:06]} Nc6 {[%emt 0:00:56]} 4. Nc3 {[%emt 0:00:21]} g6 {[%emt 0:02:37]} 5. Nf3 {[%emt 0:00:16]} d6 {[%emt 0:00:43]} 6. O-O {[%emt 0:04:37]} Bg7 {[%emt 0:00:07]} 7. d4 {[%emt 0:00:32]} cxd4 {[%emt 0:01:25]} 8. Nxd4 {[%emt 0:00:07]} Bd7 {[%emt 0:00:30]} 9. Nc2 {[%emt 0:01:51]} O-O {[%emt 0:00:24]} 10. b3 {[%emt 0:02:06]} Qa5 {[%emt 0:04:47]} 11. Bd2 {[%emt 0:06:14]} Rfc8 {[%emt 0:03:22]} 12. Rc1 {[%emt 0:02:40]} Qd8 {[%emt 0:07:07]} 13. Ne1 {[%emt 0:02:08]} a6 {[%emt 0:10:10]} 14. Nd3 {[%emt 0:05:18]} Bf5 {[%emt 0:08:31]} 15. Re1 {[%emt 0:08:17]} Rab8 {[%emt 0:02:01]} 16. e4 {[%emt 0:04:08]} Bg4 {[%emt 0:04:12]} 17. f3 {[%emt 0:00:40]} Bd7 {[%emt 0:06:30]} 18. Be3 {[%emt 0:01:37]} Be8 {[%emt 0:12:45]} 19. f4 {[%emt 0:09:17]} Nd7 {[%emt 0:03:21]} 20. a4 {[%emt 0:01:50]} Bd4 {[%emt 0:01:50]} 21. Bxd4 {[%emt 0:03:52]} Nxd4 {[%emt 0:00:02]} 22. e5 {[%emt 0:01:12]} Nc5 {[%emt 0:04:57]} 23. b4 {[%emt 0:08:31]} Nxd3 {[%emt 0:07:53]} 24. Qxd3 {[%emt 0:00:02]} dxe5 {[%emt 0:00:11]} 25. fxe5 {[%emt 0:03:58]} Nb3 {[%emt 0:08:41]} 26. Qxd8 {[%emt 0:00:32]} Rxd8 {[%emt 0:00:02]} 27. Rcd1 {[%emt 0:00:10]} Bc6 {[%emt 0:00:15]} 28. Rxd8+ Rxd8 {[%emt 0:08:47]} 29. Bxc6 {[%emt 0:00:08]} bxc6 {[%emt 0:00:07]} 30. Kf2 {[%emt 0:04:06]} Nd2 {[%emt 0:03:10]} 31. b5 {[%emt 0:12:20]} Nxc4 {[%emt 0:02:50]} 32. bxc6 {[%emt 0:00:42]} e6 {[%emt 0:00:51]} 33. Ne4 {[%emt 0:05:12]} Rc8 {[%emt 0:00:17]} 34. Nf6+ {[%emt 0:02:22]} Kg7 {[%emt 0:01:01]} 35. c7 {[%emt 0:01:09]} Nxe5 {[%emt 0:00:37]} 36. Nh5+ {[%emt 0:00:42]} gxh5 {[%emt 0:00:07]} 37. Rxe5 Rxc7 {[%emt 0:00:39]} 38. Rxh5 {[%emt 0:02:06]} f5 {[%emt 0:00:42]} 39. g4 {[%emt 0:00:35]} Kg6 {[%emt 0:01:07]} 40. Rh3 {[%emt 0:01:21]} Rc2+ {[%emt 0:00:48]} 41. Kg1 {[%emt 0:00:23]} fxg4 {[%emt 0:00:29]} 42. Rb3 {[%emt 0:00:36]} Ra2 {[%emt 0:05:56]} 43. Rb6 {[%emt 0:00:42]} Rxa4 {[%emt 0:00:08]} 44. Rxe6+ {[%emt 0:00:05]} Kg5 {[%emt 0:00:09]} 45. Re7 {[%emt 0:05:13]} h5 {[%emt 0:00:42]} 46. Rf7 {[%emt 0:00:21]} Ra2 {[%emt 0:00:23]} 47. Rf8 {[%emt 0:00:58]} a5 {[%emt 0:00:10]} 48. Kh1 {[%emt 0:01:59]} a4 {[%emt 0:00:08]} 49. Kg1 {[%emt 0:00:41]} a3 {[%emt 0:00:36]} 50. h3 {[%emt 0:06:41]} Rb2 {[%emt 0:00:48]} 0-1

[Event "Open A"]
[Site "Dortmund, Germany"]
[Date "2024.08.11"]
[Round "2.20"]
[White "Zemach, Nadav"]
[Black "Diduh, Ihor"]
[Result "1-0"]
[WhiteElo "2384"]
[BlackElo "2058"]
[PlyCount "129"]
[EventDate "2024.??.??"]

1. d4 {[%emt 0:08:32]} Nf6 {[%emt 0:00:34]} 2. c4 {[%emt 0:00:05]} e5 {[%emt 0:00:30]} 3. dxe5 {[%emt 0:00:59]} Ng4 {[%emt 0:00:08]} 4. Bf4 {[%emt 0:06:44]} g5 {[%emt 0:00:13]} 5. Bg3 {[%emt 0:04:32]} Bg7 {[%emt 0:00:29]} 6. Nf3 {[%emt 0:03:07]} Nc6 {[%emt 0:00:40]} 7. Nc3 {[%emt 0:01:50]} Ngxe5 {[%emt 0:01:20]} 8. Nxe5 {[%emt 0:00:40]} Nxe5 {[%emt 0:00:17]} 9. e3 {[%emt 0:02:30]} d6 {[%emt 0:00:42]} 10. Qc2 {[%emt 0:03:04]} Be6 {[%emt 0:00:56]} 11. h4 {[%emt 0:06:30]} g4 {[%emt 0:02:31]} 12. h5 {[%emt 0:01:15]} h6 {[%emt 0:03:45]} 13. Rd1 {[%emt 0:05:40]} O-O {[%emt 0:13:50]} 14. b3 {[%emt 0:05:47]} c6 {[%emt 0:01:28]} 15. Be2 {[%emt 0:01:18]} Qa5 {[%emt 0:01:17]} 16. O-O {[%emt 0:03:04]} Rfd8 {[%emt 0:06:04]} 17. Ne4 {[%emt 0:06:08]} d5 {[%emt 0:09:59]} 18. cxd5 {[%emt 0:02:31]} cxd5 {[%emt 0:00:31]} 19. Qd2 {[%emt 0:07:59]} Qc7 {[%emt 0:11:05]} 20. Bh4 {[%emt 0:01:37]} Kh8 {[%emt 0:07:46]} 21. Bxd8 {[%emt 0:04:24]} Rxd8 {[%emt 0:00:58]} 22. Ng3 {[%emt 0:00:49]} Qe7 {[%emt 0:02:39]} 23. Rfe1 {[%emt 0:06:13]} Qh4 {[%emt 0:00:21]} 24. e4 {[%emt 0:00:26]} d4 {[%emt 0:01:16]} 25. Qf4 {[%emt 0:00:40]} Nc6 {[%emt 0:01:16]} 26. Bc4 {[%emt 0:02:00]} Kg8 {[%emt 0:04:44]} 27. e5 {[%emt 0:02:09]} Qg5 {[%emt 0:00:41]} 28. Qxg5 {[%emt 0:00:40]} hxg5 29. Bxe6 {[%emt 0:00:12]} fxe6 {[%emt 0:00:23]} 30. Ne4 {[%emt 0:00:31]} Nxe5 {[%emt 0:04:42]} 31. Nxg5 {[%emt 0:00:12]} Rd6 {[%emt 0:00:23]} 32. h6 {[%emt 0:01:37]} Bh8 {[%emt 0:00:33]} 33. Rc1 {[%emt 0:01:59]} Nc6 {[%emt 0:00:05]} 34. Rxe6 {[%emt 0:00:42]} Rxe6 {[%emt 0:00:24]} 35. Nxe6 {[%emt 0:00:05]} Kh7 {[%emt 0:00:21]} 36. Nc5 {[%emt 0:00:44]} Kxh6 {[%emt 0:01:58]} 37. Nxb7 {[%emt 0:00:20]} Ne5 {[%emt 0:04:25]} 38. Rd1 {[%emt 0:01:47]} Nc6 {[%emt 0:00:51]} 39. Nc5 {[%emt 0:00:16]} Kg5 {[%emt 0:00:29]} 40. Nd3 {[%emt 0:00:12]} Kf5 {[%emt 0:00:11]} 41. Kf1 {[%emt 0:01:45]} Ne7 {[%emt 0:01:03]} 42. Re1 {[%emt 0:01:01]} Bf6 {[%emt 0:00:36]} 43. a4 {[%emt 0:02:24]} Nd5 {[%emt 0:01:12]} 44. Re8 {[%emt 0:03:46]} Be7 {[%emt 0:00:27]} 45. Ke2 {[%emt 0:00:22]} a6 {[%emt 0:02:03]} 46. Ra8 {[%emt 0:04:14]} Bg5 {[%emt 0:00:21]} 47. Rxa6 {[%emt 0:09:08]} Nc3+ {[%emt 0:01:09]} 48. Ke1 {[%emt 0:01:05]} Ke4 {[%emt 0:00:14]} 49. Nc5+ {[%emt 0:00:25]} Kd5 {[%emt 0:00:21]} 50. b4 {[%emt 0:03:44]} Kc4 {[%emt 0:00:51]} 51. Rg6 {[%emt 0:00:29]} Be7 {[%emt 0:01:42]} 52. Rxg4 {[%emt 0:00:19]} Nd5 {[%emt 0:01:00]} 53. Kd1 {[%emt 0:05:56]} Nxb4 {[%emt 0:01:19]} 54. Ne6 {[%emt 0:00:16]} Nc6 {[%emt 0:02:26]} 55. a5 {[%emt 0:00:21]} Kd5 {[%emt 0:06:26]} 56. Nf4+ {[%emt 0:00:21]} Kc4 {[%emt 0:00:22]} 57. a6 {[%emt 0:00:34]} Bc5 {[%emt 0:00:18]} 58. Ne6 {[%emt 0:01:07]} Bb6 {[%emt 0:00:37]} 59. f4 {[%emt 0:03:50]} Kd5 {[%emt 0:06:41]} 60. f5 {[%emt 0:00:29]} Ke5 {[%emt 0:00:14]} 61. Rf4 {[%emt 0:00:32]} Nb4 {[%emt 0:00:48]} 62. f6 {[%emt 0:01:01]} Nd5 {[%emt 0:10:48]} 63. f7 {[%emt 0:00:29]} Nxf4 {[%emt 0:00:35]} 64. Nxf4 {[%emt 0:00:06]} Bc5 {[%emt 0:00:22]} 65. Nd3+ 1-0